Pays limitrophes à l'Espagne - Statistiques

Statistiques générales
  • Ce quiz a été pris 210 fois
    179 depuis la dernière actualisation
  • Le résultat moyen est 5 sur 5
Réponses sur la Carte
Les réponses sont colorées sur une échelle allant du rouge au vert en fonction du pourcentage des utilisateurs qui les ont devinées à leur premier essai. Vous pouvez retrouver ces pourcentages ci-dessous.
 
Statistiques - réponses
Pays limitrophes % Correct
France
100%
Portugal
100%
Maroc
96%
Andorre
93%
Royaume-Uni
62%
Aucun quiz correspondant
Distribution des résultats
% des personnes avec chaque résultat
Percentile par nombre de réponses
Votre historique - résultats
Vous n’avez pas pris ce quiz depuis la dernière actualisation